| 000 | 00495nam a22001937a 4500 | ||
|---|---|---|---|
| 003 | MPLRDC | ||
| 005 | 20220104160859.0 | ||
| 008 | 210129b ||||| |||| 00| 0 eng d | ||
| 020 | _a957-0316-31-4 | ||
| 082 | _a563.146 HOC | ||
| 100 | _aDEE HOCK | ||
| 245 |
_a乱序 _c李明译 |
||
| 250 | _a一版一刷 | ||
| 260 |
_a台湾 _b大块文化出版股份有限公司 _c2000 |
||
| 300 | _b314 | ||
| 490 | _aTOUCH. 18 | ||
| 650 | _a金融各论--消费者信用 | ||
| 942 |
_cBK _o563.146 HOC |
||
| 999 |
_c55219 _d55209 |
||